Nazwij pasujące państwo A-Z - Statystyki

Ogólne statystyki
  • Ten quiz został rozwiązany 28 641 razy
  • Średni wynik to 17 z 24
Statystyki odpowiedzi
Litera Nazwij państwo... Państwo % Poprawnych
A które leży w Europie: Albania | Andora | Austria
98%
B które leży w Ameryce: Bahamy | Barbados | Belize | Boliwia | Brazylia
95%
E które nie leży w Afryce: Ekwador | Estonia
87%
I którego flaga zawiera kolor pomarańczowy: Indie | Irlandia
84%
K którego nazwa kończy się na "stan": Kazachstan | Kirgistan
84%
Ł którego stolica leży nad Morzem Bałtyckim: Łotwa
83%
C które jest śródlądowe: Czad | Czechy
81%
H które leży w Ameryce Środkowej: Haiti | Honduras
81%
O które istnieje: Oman
81%
L które nie leży w Europie: Laos | Lesotho | Liban | Liberia | Libia
78%
D które leży nad Morzem Karaibskim: Dominika | Dominikana
72%
G w którym żyją dzikie słonie: Gabon | Ghana | Gwinea | Gwinea Bissau | Gwinea Równikowa
72%
R które leży nad morzem: Republika Zielonego Przylądka | Rosja | Rumunia
71%
T które ma półksiężyc na swojej fladze: Tunezja | Turcja | Turkmenistan
70%
J które uzyskało swoją nazwę dzięki rzece: Jordania
62%
M które jest monarchią: Malezja | Maroko | Monako
62%
N którego nazwa ma dokładnie 2 słowa: Nowa Zelandia
56%
W które graniczy z dokładnie jednym państwem: Watykan | Wielka Brytania
55%
V w którego stolicy żyje mniej niż 50 tysięcy osób: Vanuatu
53%
P które jest państwem wyspiarskim: Palau | Papua-Nowa Gwinea
51%
U które nie ma koloru niebieskiego na swojej fladze: Uganda
49%
Z które wydrukowało banknot o wartości biliona dolarów: Zimbabwe
49%
F którego co najmniej 20% populacji to hindusi: Fidżi
48%
S które nie było członkiem ONZ w 1990 roku: San Marino | Serbia | Sudan Południowy | Szwajcaria
48%
Nie znaleziono quizów pasujących do podanych kryteriów
Rozkład punktacji
Procent ludzi z każdym wynikiem
Percentyl według liczby udzielonych odpowiedzi
Twoja historia wyników
Nie rozwiązałeś tego quizu